[Event "Corus"]
[Site "Wijk aan Zee"]
[Date "2000.01.18"]
[Round "3"]
[White "Kasparov, Garry"]
[Black "Van Wely, Loek"]
[Result "1-0"]
[WhiteElo "2851"]
[BlackElo "2646"]
[Annotator "Ftacnik,L"]
[PlyCount "49"]
[EventDate "2000.01.15"]
[EventType "tourn"]
[EventRounds "13"]
[EventCountry "NED"]
[EventCategory "18"]
[SourceTitle "CBM 075"]
[Source "ChessBase"]
[SourceDate "2000.04.05"]
[SourceVersion "1"]
[SourceVersionDate "2000.04.05"]
[SourceQuality "1"]

1. e4 c5 2. Nf3 d6 3. d4 cxd4 4. Nxd4 Nf6 5. Nc3 a6 6. Be3 e6 7. f3 b5 8. g4 h6
9. Qd2 Nbd7 10. O-O-O Bb7 11. h4 b4 12. Na4 d5 13. Bh3 g5 (13... Qa5 14. b3 Nc5
(14... e5 15. g5 exd4 16. Bxd4 $16) (14... g5 $8 15. hxg5 (15. Bf1 dxe4 16.
hxg5 Nd5 17. Nxe6 fxe6 18. fxe4 Bg7 19. exd5 Qxd5 20. Qxd5 Bxd5 21. Rxd5 exd5
22. gxh6 Ke7 23. Bg2 {1-0 Zezulkin,J-Stocek,J/Passau/1999/ (29)}) 15... hxg5
16. Bxg5 $5 dxe4 17. Bxf6 Nxf6 18. g5 $36) 15. Nxc5 (15. g5 Nxa4 (15... Nfd7
16. g6 e5 17. gxf7+ Kxf7 18. exd5 exd4 19. Bxd4 Bd6 20. Rhg1 Rag8 21. Be6+ Ke8
22. Rg6 {1-0 Nedev,T-Palac,M/Yerevan/1996/ (28) 1-0}) (15... hxg5 16. hxg5 Nfd7
17. g6 Rxh3 18. gxf7+ Kxf7 19. Rxh3 Nxa4 20. bxa4 Ne5 21. Nb3 Qxa4 22. Bd4 Ng6
23. Rg1 Bd6 24. Rxg6 Kxg6 25. Qg2+ {1-0 Zezulkin,J-Suchan,R/Wisla/1998/ (25)})
16. bxa4 Nd7 (16... hxg5 17. hxg5 Rxh3 18. Rxh3 Nd7 19. g6 Qxa4 20. gxf7+ Kxf7
21. Kb1 e5 22. Nb3 Rc8 $6 23. Rh5 $1 $18 {1-0 Tiviakov,S-Rashkovsky,N/Linares/
1999/ (30)}) (16... Qxa4 17. Kb1 $1 $16 (17. gxf6 Qxa2 $44)) 17. g6 Nc5 18.
gxf7+ Kxf7 19. Nb3 {Tiviakov: 'at his disposal. After'} Nxb3+ 20. axb3 {
1-0 Gunawan,R-Paschall,W/New York/1994/ (34)}) 15... Bxc5 16. a4 dxe4 17. g5
Nd5 18. g6 f5 19. fxe4 Nxe3 20. Nxe6 Bc6 21. exf5 Ke7 22. Nxc5 Qxc5 23. Rhe1 {
1-0 Arakhamia,K-Zatulovskaya,T/Palma de Mallorca/1989/TD (27) 1-0}) (13... Ne5
14. g5 Nc4 (14... Nfd7 15. b3 Qa5 16. g6 $1 (16. f4 Nc4 $132) 16... Nxg6 17.
Nxe6 $1 fxe6 18. Bxe6 $44 Bd6 19. Qg2 Ndf8 $8 20. exd5 {1-0 Korneev,O-Mrdja,M/
Cutro/1997/ (34)}) 15. Qe2 Qa5 16. b3 Nxe3 17. Qxe3 Nd7 18. exd5 O-O-O 19. dxe6
fxe6 20. Nxe6 Re8 21. Rxd7 {1-0 Nedev,T-Aleksieva,S/Star Dojran/1996/ (21) 1-0}
) 14. Bg2 $1 gxh4 (14... dxe4 15. hxg5 exf3 16. Bxf3 Bxf3 17. Nxf3 Nxg4 18. Bd4
$40) 15. Rxh4 dxe4 (15... Nxe4 16. fxe4 Qxh4 17. exd5 exd5 18. Bxd5 $1 (18. Nf5
Qxg4 19. Bxd5 Qxf5 $1 20. Bxb7 Rd8 $13) 18... Bxd5 19. Nf5 Qd8 20. Qxd5 $18)
16. g5 Nd5 (16... exf3 17. Nxf3 Nd5 (17... Ne4 18. Qd4 $16) 18. Bd4 $16) 17.
Rxe4 (17. Bf2 exf3 18. Bxf3 Be7 $17) 17... hxg5 $2 {This move clearly helps
white to tighten the mating net around the black king. It would be nice to
know, what Kasparov intended after the better move 17...Qa5!?} (17... Nxe3 18.
Nxe6 $1 (18. Rxe3 hxg5 19. Nxe6 fxe6 20. Rxe6+ Kf7 (20... Be7 21. Qxg5) 21.
Qxd7+ Qxd7 22. Rxd7+ Kxe6 23. Rxb7 Rh2 $1 $19) 18... fxe6 19. Rxe6+ Kf7 20.
Rxe3 $18) (17... Qa5 $5 18. f4 (18. b3 Nc5 $19) 18... O-O-O $1 $13 (18... Qxa4
19. Nxe6 Qxa2 20. Nc5+ Be7 21. Qd4 $18) (18... Nxe3 19. Rxe3 Qxa4 20. Bxb7 $18)
19. Nxe6 fxe6 20. Rxe6 Qxa4 21. Bxd5 Nc5 $17) 18. Bxg5 Qa5 (18... Qxg5 $2 19.
Qxg5 Bh6 20. Nxe6 $1 Bxg5+ 21. Nxg5+ $18) 19. f4 $1 (19. Nxe6 $2 fxe6 20. Rxe6+
Kf7 $19) 19... Rh2 (19... Qxa4 20. Nxe6 fxe6 21. Rxe6+ Ne7 (21... Kf7 22. Bxd5
$18) 22. Bxb7 Nc5 23. Rxe7+ Bxe7 24. Bxa8 Qxa2 25. Bc6+ Kf8 26. Bxe7+ $18) 20.
Nxe6 fxe6 (20... Be7 21. Ng7+ Kf8 22. Bxe7+ Kxg7 23. Rg1 $18) 21. Rxe6+ Kf7 (
21... Be7 22. Rxe7+ Kf8 23. Rxd7 Qxa4 24. Rxb7 $18) 22. Qd3 $3 {[%mdl 128]
Impressive attacking move, black king is suddenly very lonesome in the face of
many white pieces.} Bg7 (22... Kxe6 23. Bxd5+ Bxd5 24. Qg6+ Nf6 25. Qxf6+ Kd7
26. Rxd5+ Qxd5 27. Nb6+ Kc7 28. Nxd5+ $18) (22... Kg8 23. Qg6+ Kh8 (23... Bg7
24. Bxd5 Bxd5 25. Re7 Rh7 26. Bh6 Kf8 27. Rde1 $18) 24. Re2 Ne7 25. Bxe7 Bg7
26. Rxd7 Qxa4 27. Bxb7) 23. Qf5+ Kg8 24. Rxd5 Qxa4 25. Re7 1-0

[Event "Corus-B"]
[Site "Wijk aan Zee"]
[Date "2000.01.30"]
[Round "11"]
[White "Tiviakov, Sergei"]
[Black "Danailov, Silvio"]
[Result "1/2-1/2"]
[WhiteElo "2567"]
[BlackElo "2462"]
[Annotator "Ftacnik,L"]
[PlyCount "61"]
[EventDate "2000.01.18"]
[EventType "tourn"]
[EventRounds "11"]
[EventCountry "NED"]
[EventCategory "11"]
[SourceTitle "CBM 075"]
[Source "ChessBase"]
[SourceDate "2000.04.05"]
[SourceVersion "1"]
[SourceVersionDate "2000.04.05"]
[SourceQuality "1"]

1. e4 c5 2. Nf3 d6 3. d4 cxd4 4. Nxd4 Nf6 5. Nc3 a6 6. Be3 e6 7. Qd2 b5 8. f3
Nbd7 9. g4 h6 10. O-O-O Bb7 11. h4 b4 12. Na4 Qa5 13. b3 Nc5 14. a3 Nxa4 15.
axb4 Qc7 16. bxa4 d5 (16... Nd7 17. Nb3 $5 Be7 (17... d5 18. Na5 $36) 18. Bd4
O-O 19. g5 h5 20. Bd3 Rfc8 21. f4 g6 22. Rhg1 Bc6 23. b5 axb5 24. axb5 Bb7 25.
Qf2 $14 {Murawski,G-Stypka,M/Lubniewice/1994/}) 17. e5 Nd7 (17... Qxe5 $2 18.
Bf4 $18) 18. f4 (18. Bf4 Nxe5 19. Re1 Bd6 $17 {/\Nd3}) 18... Nb6 (18... a5 19.
Nb5 Qc8 20. Bd4 (20. bxa5 $2 d4 21. Nxd4 Bxh1 22. Bb5 Bd5 23. Nb3 Ba3+ 24. Kb1
O-O $19 {Paragua,M-Leroy,A/Linares op/1995/}) 20... axb4 21. Nd6+ Bxd6 22. exd6
$13) 19. f5 $5 {This line is a hot theoretical topic these days, white hopes
to benefit from the massive development advantage.} (19. a5 Nc4 20. Qc3 $8 Qe7
$1 21. Bxc4 dxc4 22. Bd2 $5 Bxh1 23. Rxh1 Qb7 24. Rd1 Be7 (24... Rb8 25. Qxc4 {
/\} Bxb4 $2 26. Bxb4 Qxb4 27. Qxb4 Rxb4 28. Nc6 $18) (24... Qd5 $5) 25. Qf3 $1
O-O-O {0-1 Topalov,V-Kasparov,G/Linares 1999/ (61)}) (19. Rh3 Nxa4 20. Bf2 Rc8
21. Be1 Nb6 22. Ra3 (22. f5 $5) 22... Nc4 23. Bxc4 dxc4 24. Qe2 {1/2-1/2
Bologan,V-Novikov,I/Philadelphia/1999/ (43)} (24. f5 $40)) 19... Nc4 $5 (19...
Nxa4 20. fxe6 Nc3 21. exf7+ Kxf7 22. Bd3 Bxb4 23. Rdf1+ Kg8 24. Qf2 Re8 (24...
Ba3+ 25. Kd2 Bb4 26. Qf5 Ne4+ (26... Re8 27. e6 Ne4+ 28. Kd1 Qg3 29. Qf7+ Kh7
30. Rf3 Qb8 31. Rf6 {1-0 Zulfugarli,M-Cvitan,O/Batumi 1999/ (31)}) 27. Kd1 Rf8
28. Qe6+ Kh7 29. g5 {1-0 Grischuk,A-Ibrahimov,R/Batumi/1999/ (35)}) 25. e6 Rf8
26. Qf7+ Rxf7 27. exf7+ Qxf7 28. Rxf7 Kxf7 29. Rf1+ Kg8 (29... Ke7 30. Nf5+ Kd8
31. Nxg7 Ba3+ 32. Kd2 Ne4+ 33. Bxe4 dxe4 34. Rf7 {1-0 Selin,O-Rogovoi,M/St
Petersburg/2000/ (60)}) 30. Bg6 Ba3+ 31. Kd2 Ne4+ 32. Kd3 Nd6 33. Ne6 {1-0
Grischuk,A-Popov,V/St Petersburg/1999/ (33)}) 20. Bxc4 (20. Qc3 $5 Bxb4 (20...
a5 21. Bxc4 Qxc4 22. Qxc4 dxc4 23. Nb5 $16) 21. Qxb4 Nxe3 22. Re1 Nxf1 (22...
Nxg4 23. fxe6 Rc8 24. exf7+ Kxf7 25. Bh3 $16) 23. Rhxf1 $14) (20. Qe1 Nxe3 21.
Qxe3 Bxb4 22. fxe6 O-O 23. g5 {Harcek,Z-Stohl,I/SVK-chT9900/1999/}) 20... Qxc4
(20... dxc4 21. fxe6 c3 22. exf7+ Kxf7 23. Rhf1+ Kg8 24. Qd3 Bxb4 25. Ne6 Qxe5
26. Nxg7 Rb8 27. Rde1 Be4 {0-1 Mrdja,M-Vera,R/Saint Vincent/2000/ (33)}) 21.
fxe6 Bxb4 22. exf7+ (22. Qd3 Qa2 23. Qb3 $2 Qa1+ 24. Qb1 Qa3+ 25. Qb2 Qxe3+ $19
) 22... Kxf7 (22... Kf8 $2 23. Qf2 $16) 23. Qd3 Qa2 $1 {[%mdl 4] Black usually
doesn't get so many counterchances, he must try to compensate for his
vulnerable king.} (23... Rhc8 $2 24. Qh7 $1 Ba3+ 25. Kb1 Qb4+ 26. Nb3 $18) 24.
Rdf1+ (24. Qf5+ Kg8 25. Qe6+ Kh7 26. Qf5+ $11) 24... Kg8 25. Kd1 $1 (25. Nb3
Qxa4 $13) 25... a5 26. Qf5 {This move is not the most challenging, black would
have to play very well after the aggressive 26.Ne6!} (26. Qb3 Qa1+ 27. Ke2 Ba6+
28. Nb5 Qxe5 29. Rf5 Qe4 $132) (26. Ne6 $1 Rh7 $5 (26... Qa1+ 27. Bc1 Qxa4 (
27... Qxe5 28. Qg6 $18) 28. Qg6 Qd7 29. Nxg7 $1 Qxg7 30. Qe6+ Kh7 31. Rf7 $18)
27. Qg6 Qa1+ 28. Bc1 Ba3 $13) 26... Qa1+ 27. Ke2 Ba6+ 28. Nb5 (28. Kf2 Bxf1 29.
Qe6+ (29. Rxf1 Qxf1+ 30. Kxf1 Rf8 31. Nc6 $11) 29... Kh7 30. Qf5+ $11) 28...
Qxa4 29. Qe6+ Kh7 30. Qf5+ Kg8 31. Qe6+ 1/2-1/2

[Event "Bundesliga 0304"]
[Site "Germany"]
[Date "2004.04.25"]
[Round "15.3"]
[White "L'Ami, Erwin"]
[Black "Pelletier, Yannick"]
[Result "1-0"]
[WhiteElo "2470"]
[BlackElo "2604"]
[Annotator "Ftacnik,L"]
[PlyCount "77"]
[EventDate "2003.11.01"]
[EventType "team-tourn"]
[EventRounds "15"]
[EventCountry "GER"]
[SourceTitle "CBM 101"]
[Source "ChessBase"]
[SourceDate "2004.07.27"]
[SourceVersion "1"]
[SourceVersionDate "2004.07.27"]
[SourceQuality "1"]
[WhiteTeam "Katernberg"]
[BlackTeam "Werder Bremen"]
[WhiteTeamCountry "GER"]
[BlackTeamCountry "GER"]

1. e4 c5 2. Nf3 d6 3. d4 cxd4 4. Nxd4 Nf6 5. Nc3 a6 6. f3 e6 7. Be3 b5 8. g4
Bb7 9. Qd2 Nc6 10. O-O-O Rc8 11. g5 Nd7 12. h4 Nce5 13. Bd3 Nb6 14. h5 Nbc4 15.
Bxc4 Nxc4 16. Qd3 {The whole line seems to be a bit dubious for white, black
enjoys active play and white bishops are disappearing.} b4 (16... Be7 17. g6
Bf6 18. f4 b4 19. Nce2 Qc7 20. Bf2 e5 21. gxf7+ Qxf7 22. Nf5 O-O {1/2-1/2
Prentos,K-Shipov,S/Thessaloniki 1997/ (22)}) 17. Na4 (17. Nce2 d5 18. g6 hxg6
19. hxg6 Rxh1 20. gxf7+ Kxf7 21. Rxh1 e5 $19) 17... e5 (17... Qc7 $5 18. Bd2 d5
$15) 18. Nf5 g6 19. Nc5 {[%mdl 64] The knights on c5 and f5 care for a
norrifying picture, Pelletier had a difficult choice.} (19. hxg6 fxg6 20. Nh4
$1 Qa5 (20... Bg7 21. Nc5 Nxb2 22. Kxb2 dxc5 23. Qxd8+ Rxd8 24. Rxd8+ Kxd8 25.
Bxc5 $16) (20... Nxe3 21. Qxe3 Be7 22. Nxg6 Bxg5 23. f4 Qc7 24. Rd2 Bxf4 25.
Nxf4 exf4 26. Qxf4 $14) 21. b3 Kf7 22. bxc4 Qxa4 23. Qb3 $11) 19... gxf5 $6 (
19... Rxc5 $5 20. Bxc5 gxf5 21. Bxb4 Qxg5+ 22. Kb1 Ne3 $17) 20. Qxc4 $1 (20.
Nxb7 $2 Qc7 21. Bf2 Qxb7 $19) 20... Qe7 21. exf5 dxc5 22. f6 Qe6 (22... Qc7 23.
Rhe1 (23. g6 $6 Bxf3 24. g7 Bxg7 25. fxg7 Rg8 26. h6 Bxh1 27. Rxh1 Qd6 28. Qe4
$11) 23... Bd6 24. g6 hxg6 25. hxg6 Rd8 26. Bxc5 $1 $16) 23. Qxe6+ fxe6 24. g6
Bd5 (24... Bxf3 $2 25. f7+ Ke7 26. Bg5#) 25. Bg5 Kd7 (25... c4 26. Kb1 Kd7 27.
g7 Rg8 28. Bh6 Bxg7 29. fxg7 $14) 26. g7 $1 {Logical and strong, white will
restore rough material balance but still keep dangerous passed pawn.} Rg8 (
26... Bxg7 27. fxg7 Rhg8 28. h6 Kc6 29. Rhf1 $16) 27. Bh6 Bxg7 (27... Bd6 28.
f7 $16) 28. fxg7 (28. Bxg7 Ke8 29. Rhf1 Kf7 $13) 28... Kd6 29. Rhf1 (29. Rhe1
c4 30. c3 a5 31. f4 $16) 29... Rc7 30. f4 Rcxg7 (30... exf4 31. Bxf4+ e5 32.
Bh6 Ke6 33. Rf8 Rc8 34. Rdf1 Kd7 35. Kd2 $16) 31. Bxg7 Rxg7 32. f5 $1 {Very
sound idea of opening files for rooks, black is still struggling for equality.}
(32. fxe5+ Kxe5 33. Rg1 Rf7 $11) 32... Rg5 $2 (32... exf5 33. Rxf5 Ke6 34. Rf8
Re7 35. Rd8 $14) 33. f6 Rg8 34. Rg1 Rf8 35. Rdf1 Be4 (35... e4 36. Kd2 Bxa2 37.
Rg7 Bc4 38. Rf2 h6 39. Ke3 $18) 36. Rg7 Bf5 37. Rd1+ Kc6 38. f7 c4 (38... Kc7
39. a3 bxa3 40. bxa3 e4 41. Kb2 e3 42. c4 e2 43. Re1 $18) 39. Rd8 $1 (39. Rd8
$1 Rxd8 40. Rg8 $18) 1-0

[Event "Hastings 9293"]
[Site "Hastings"]
[Date "1992.??.??"]
[Round "1"]
[White "Nunn, John DM"]
[Black "Polugaevsky, Lev"]
[Result "1-0"]
[WhiteElo "2595"]
[BlackElo "2640"]
[Annotator "Ftacnik,L"]
[PlyCount "59"]
[EventDate "1992.12.??"]
[EventType "tourn"]
[EventRounds "14"]
[EventCountry "ENG"]
[EventCategory "13"]
[SourceTitle "CBM 033"]
[Source "ChessBase"]
[SourceDate "1993.04.01"]
[SourceVersion "1"]
[SourceVersionDate "1993.04.01"]
[SourceQuality "1"]

1. e4 {Boensch} c5 2. Nf3 d6 3. d4 cxd4 4. Nxd4 Nf6 5. Nc3 a6 6. Be3 e6 7. f3
b5 8. g4 h6 (8... Bb7 9. g5 $146 (9. Qd2 {Boensch}) 9... Nfd7 10. Qd2 Qa5 $1
11. Nb3 Qc7 12. Qf2 Nc6 13. O-O-O Nce5 14. Nd4 Rc8 15. Kb1 Nc5 16. a3 Be7 17.
h4 O-O 18. h5 $14 {Frolov,A-Ginsburg,G/Smolensk/1992/1-0/34/}) 9. Qd2 (9. h4
Be7 $146 10. Qd2 d5 11. exd5 Nxd5 12. Nxd5 Qxd5 13. Bd3 Bb7 14. Be4 Qd7 15. Qd3
Nc6 $10 {Polgar,J-Polugaevsky,L Aruba Tumba (11) 1992 1/2 23 -CBM 33}) 9...
Nbd7 10. O-O-O Bb7 11. h4 b4 12. Nce2 d5 13. Ng3 (13. Bh3 Qa5 (13... Ne5 $5 14.
Qe1 (14. Nf4 Nc4 15. Qe2 Bd6 16. g5 Bxf4 17. Bxf4 Nh5 18. Bh2 hxg5 19. exd5
Bxd5 20. Nxe6 Qf6 21. Nc7+ Kf8 22. Be5 Nxe5 23. Rxd5 $13 {De la Riva,O-David,P/
Odessa stud/1990/}) (14. g5 $1 Nc4 15. Qd3 Qa5 16. Kb1 Nd7 17. g6 Nc5 18. gxf7+
Kxf7 19. Bxe6+ $13 {Stohl,I-Ernst,T/Manila olm/1992/1/2-1/2/66/}) 14... Qa5 15.
Kb1 dxe4 16. g5 hxg5 17. hxg5 Nd5 18. Nf4 Nxf4 19. Bxf4 Ng6 20. Nb3 Qb6 21. Be3
Qc7 $15 {Romero Holmes,A-Polugajevsky,L/Logronon/1991/}) (13... dxe4 14. g5
exf3 (14... hxg5 15. hxg5 exf3 16. Nf4 Ne4 17. Qe1 Nxg5 18. Ndxe6 $1 fxe6 19.
Bxe6 Nxe6 20. Rxh8 Qf6 21. Rd6 $1 O-O-O 22. Nxe6 $18 {Romero Holmes,A-Tukmakov,
V/Wijk B/1991/}) 15. Nf4 (15. Ng3 Nd5 (15... Ne4 16. Nxe4 Bxe4 17. Bxe6 $1 $40
fxe6 $2 18. Nxe6 Qc8 19. Bf4 Ne5 20. Bxe5 Qxe6 21. Rhe1 $18) 16. g6 Nc5 17.
gxf7+ Kxf7 18. Nxf3 Bd6 19. Rhf1 $1 $40 {Savko,A-Karklinsh/URS/1990/}) 15...
Ne4 16. Qe1 Bd6 17. Ndxe6 fxe6 18. Nxe6 Qe7 19. Bd4 $16 {Magem Badals}) 14. Kb1
dxe4 (14... g6 15. g5 Nh5 16. f4 O-O-O 17. f5 gxf5 18. exf5 e5 19. Ne6 $1 $18 {
Magem Badals-Brenninkmeijer/Novi Sad ol/1990/}) 15. g5 hxg5 (15... exf3 16.
gxf6 $1 Nxf6 17. Ng3 Bd5 18. Nb3 Qc7 19. Bf4 Bd6 20. Bxd6 Qxd6 21. Rhg1 Qb6 22.
Nd4 O-O-O 23. Qf4 $16 {Varavin-Neverov,V/Smolensk/1991/}) 16. hxg5 exf3 17. Ng3
Nd5 18. Bxe6 Rxh1 19. Bxd7+ Kxd7 20. Rxh1 Re8 $13 {Varavin}) (13. exd5 Nxd5 14.
Nf4 Nxe3 15. Qxe3 Qb6 16. Qe1 O-O-O 17. Nfe2 Bc5 18. Bg2 Nf6 $17 {Adams,
M-Hjartarson,J/Reykjavik Summit/1990/0-1/ ->CBM 16 Lev Polugaevsky:
Niederlagenfür den Englischen Angriff. (CBM 16,S.16)}) 13... Qa5 (13... Bd6 14.
Ngf5 $1 exf5 15. Nxf5 Bf8 16. e5 Ng8 (16... Nxe5 17. Bd4 Nc6 (17... Nfd7 18. f4
f6 19. Re1 Qc7 20. fxe5 fxe5 21. Bxe5 Nxe5 22. Qd4 O-O-O 23. Qxe5 Qxe5 24. Rxe5
$14) 18. Bh3 $1 Nxd4 19. Qxd4 $40) 17. Bd4 Qa5 18. Nd6+ $1 Bxd6 19. exd6 O-O-O
(19... Kf8 $5) 20. Bxg7 Rh7 21. Bd4 $16 {Thorhallsson,Th-Arnason,J/Island-ch/
1991/}) (13... e5 14. Nb3 (14. exd5 exd4 15. Bxd4 Qa5 $15) 14... d4 15. Bf2 {
Nunn,J-Stohl,I/Dortmund/1991/} g6 (15... Qc7 16. Bh3 g5 17. Bf1 Rg8 $14 {
Nunn,J-Stohl,I/Dortmund/1991/0-1/70/}) 16. h5 g5 17. Nf5 $14) (13... dxe4 $6
14. g5 hxg5 15. hxg5 Rxh1 16. Nxh1 Nd5 17. g6 Nxe3 18. gxf7+ Kxf7 19. Qxe3 Qh4
20. fxe4 Bxe4 21. Nf3 Qh6 22. Ng5+ $16 {Varavin,V-Doroshkievich,V/Anapa/1991/})
(13... Qc7 $2 14. g5 Qxg3 15. Bf4 $18) 14. Kb1 dxe4 15. Nxe4 $5 $146 (15. g5
hxg5 16. hxg5 Rxh1 17. Nxh1 Nd5 18. g6 O-O-O 19. fxe4 Nxe3 20. Qxe3 Nc5 21. Nf2
fxg6 22. Bh3 Kb8 $10 {Arnason-Olafsson,H/Reykjavik/1992/}) 15... Nxe4 $2 (15...
O-O-O 16. Nb3 Qc7 17. Qf2 $13) (15... O-O-O $5 $14) (15... O-O-O $5 $14 {
Boensch}) 16. fxe4 Nf6 (16... O-O-O 17. Nb3 Qc7 18. Qf2 Ne5 19. Rxd8+ Qxd8 20.
Be2 $16) (16... Bxe4 $2 17. Nxe6 $18) (16... O-O-O $5) (16... O-O-O $5 {Boensch
}) 17. Bg2 O-O-O (17... Nxe4 $2 18. Bxe4 Bxe4 19. Nxe6) (17... Bxe4 18. Bxe4
Nxe4 19. Qg2 $16) (17... Nxg4 $2 18. Nxe6 $18) 18. Qe2 Qc7 (18... Nxe4 $2 19.
Qc4+ $1 Qc7 (19... Kb8 20. Nc6+) (19... Qc5 20. Nxe6 $1) 20. Nxe6 $1 Rxd1+ 21.
Rxd1 fxe6 22. Qxe6+ Kb8 23. Qe8+ Bc8 24. Qxe4 $18) (18... Bd6 19. e5 $1 Bxe5 (
19... Qxe5 20. Nc6 Bxc6 21. Qxa6+) 20. Qc4+ Qc7 21. Bxb7+ (21. Nc6 $5) 21...
Kxb7 22. Qxb4+) 19. Rhf1 (19. g5 hxg5 20. hxg5 Rxh1 21. Bxh1 Nxe4) 19... Bd6 $2
(19... e5 20. g5 $1 hxg5 21. hxg5 exd4 22. Bf4 Bd6 23. e5 $16) (19... e5 $5) (
19... e5 $5 {Boensch}) 20. g5 $1 hxg5 21. hxg5 Nxe4 (21... Nh5 22. e5 $1 Bxe5
23. Bxb7+ Kxb7 (23... Qxb7 24. Qc4+ Bc7 25. g6) 24. Qf3+ Rd5 25. g6 $40) 22. g6
$1 (22. Bxe4 $6 Bxe4 23. Qxa6+ Qb7 $17) 22... Rh2 (22... Ng3 23. Bxb7+ Qxb7 (
23... Kxb7 24. Qg2+ Kc8 25. Rxf7) 24. Qc4+ Qc7 25. Qxa6+ Qb7 26. Qxb7+ Kxb7 27.
Rxf7+ $18) 23. Rxf7 Rxg2 (23... Be7 24. Bf4) 24. Rxc7+ Bxc7 25. Qc4 (25. Qxg2
$4 Nc3+) 25... Rxg6 26. Rf1 (26. Bf4 $2 e5 27. Bxe5 Nd2+ $1) 26... e5 $2 27.
Ne6 Rxe6 28. Qxe6+ Kb8 29. Qe7 a5 30. Rf8 1-0